12 Longest Running Film Franchises - Statistics

General Stats
  • This quiz has been taken 144 times
  • The average score is 9 of 12
Answer Stats
Synopsis # Of Films Answer % Correct
Set in Gotham 8 Batman
96%
A boy wizard 8 Harry Potter
96%
Sexy British spy with lots of cool gadgets 23 James Bond
96%
Giant fire breathing dinosaur wreaks havoc on Japan 30 Godzilla
90%
A world in which humans and intelligent primates clash for control 8 Planet Of the Apes
85%
Sci-fi films that go where no one has gone before 12 Star Trek
82%
A masked killer who comes on a certain "sweet" holiday 10 Halloween
75%
A killer who stalks you in your dreams 9 A Nightmare on Elm Street
70%
Horror films featuring Jason Voorhees 12 Friday the 13th
69%
British-American comedy-mystery films featuring an inept French police detective 11 The Pink Panther
64%
A universe populated by superheros working together 11 The Marvel Cinamatic Universe/MCU
40%
British comedies in the tradition of the music hall and bawdy seaside postcards. 31 Carry On
24%
No matching quizzes found
Score Distribution
Percent of People with Each Score
Percentile by Number Answered
Your Score History
You have not taken this quiz